[Event "Cienfuegos University"]
[Site "Cienfuegos"]
[Date "1998.??.??"]
[Round "7"]
[White "Fuentes, Luis"]
[Black "Cabrera Pino, Alexis"]
[Result "0-1"]
[WhiteElo "2225"]
[BlackElo "2415"]
[PlyCount "86"]
[EventDate "1998.??.??"]
[EventType "tourn"]
[EventRounds "13"]
[EventCountry "CUB"]
[SourceTitle "EXT 2001"]
[Source "ChessBase"]
[SourceDate "2000.11.22"]
[SourceVersion "1"]
[SourceVersionDate "2000.11.22"]
[SourceQuality "1"]

1. e4 c5 2. Nf3 d6 3. d3 g6 4. g3 Bg7 5. Bg2 e5 6. 0-0 Ne7 7. Nbd2 Nbc6 8. c3 0-0 9. a3 a5 10. a4 h6 11. Nc4 f5 12. Qb3 Be6 13. exf5 gxf5 14. Re1 Rf7 15. h3 Ng6 16. Nh2 e4 17. dxe4 Nce5 18. Bf1 fxe4 19. Qb5 Nxc4 20. Bxc4 d5 21. Bf1 Qc7 22. Qe2 Raf8 23. Bg2 Qd7 24. c4 Bxh3 25. cxd5 Bxg2 26. Kxg2 Rxf2+ 27. Qxf2 Rxf2+ 28. Kxf2 Qh3 29. Nf1 Bd4+ 30. Be3 Ne5 31. Rad1 Nd3+ 32. Rxd3 exd3 33. d6 Qd7 34. Rd1 Qxd6 35. Rxd3 Bxe3+ 36. Rxe3 Qf6+ 37. Kg1 Qxb2 38. Re8+ Kf7 39. Re4 Qc1 40. Rf4+ Ke6 41. Kf2 c4 42. Re4+ Kd5 43. Re2 Qa1 0-1

[Event "Cienfuegos University"]
[Site "Cienfuegos"]
[Date "1998.??.??"]
[Round "10"]
[White "Fuentes, Luis"]
[Black "Gonzalez, Renier"]
[Result "1/2-1/2"]
[WhiteElo "2225"]
[BlackElo "2370"]
[PlyCount "136"]
[EventDate "1998.??.??"]
[EventType "tourn"]
[EventRounds "13"]
[EventCountry "CUB"]
[SourceTitle "EXT 2001"]
[Source "ChessBase"]
[SourceDate "2000.11.22"]
[SourceVersion "1"]
[SourceVersionDate "2000.11.22"]
[SourceQuality "1"]

1. d4 g6 2. c4 Bg7 3. Nc3 d6 4. e4 e5 5. d5 Nd7 6. Nge2 Ne7 7. Be3 f5 8. f3 Nf6 9. Qd2 0-0 10. h3 f4 11. Bf2 g5 12. c5 Ng6 13. 0-0-0 h5 14. Kb1 Rf7 15. Nc1 Bf8 16. Nb3 g4 17. hxg4 hxg4 18. Bc4 g3 19. Be1 Rh7 20. Rxh7 Kxh7 21. c6 b6 22. Qe2 Nh4 23. Bd2 Kg7 24. Rh1 Nh7 25. Nb5 Be7 26. Bc3 Bf6 27. a4 a6 28. Na3 Nf8 29. Nc1 Nfg6 30. Nd3 Qe8 31. Nc2 Qe7 32. Ndb4 a5 33. Nd3 Qe8 34. Na3 Kf8 35. Nb5 Qe7 36. b3 Qg7 37. Ne1 Bd8 38. Qb2 Qf6 39. Qa3 Nh8 40. Qb2 Nf7 41. Qe2 Qg5 42. Bd3 Kg7 43. Qd2 Kf8 44. Bc2 Kg7 45. Nd3 Kg8 46. Nb2 Qh6 47. Qe2 Qg5 48. Bd2 Nh8 49. Nc4 Nf7 50. Kb2 Ng6 51. b4 axb4 52. Bxb4 Ba6 53. Nd2 Nh4 54. Bd3 Bc8 55. Kb3 Ba6 56. Bc4 Bc8 57. Nc3 Kg7 58. Ndb1 Ng6 59. Na3 Nh4 60. Nc2 Nh8 61. Ne1 Nf7 62. Na2 Qh6 63. Bc3 Bf6 64. Nb4 Qh8 65. Na6 Bd8 66. Nb4 Bf6 67. Ned3 Qh5 68. Ne1 Qh8 1/2-1/2

[Event "CUB-ch sf"]
[Site "Matanzas"]
[Date "1998.??.??"]
[Round "?"]
[White "Fuentes, Luis"]
[Black "Lopez Hernandez, Carlos Manuel"]
[Result "0-1"]
[WhiteElo "2225"]
[BlackElo "2325"]
[PlyCount "62"]
[EventDate "1998.??.??"]
[EventType "swiss"]
[EventRounds "9"]
[EventCountry "CUB"]
[SourceTitle "EXT 2003"]
[Source "ChessBase"]
[SourceDate "2002.11.25"]
[SourceVersion "1"]
[SourceVersionDate "2002.11.25"]
[SourceQuality "1"]

1. e4 c5 2. Nf3 Nc6 3. b3 d6 4. Bb5 Bd7 5. 0-0 Nf6 6. Re1 g6 7. Bb2 Bg7 8. d3 0-0 9. Nbd2 a6 10. Bxc6 Bxc6 11. Qe2 e5 12. Bc1 Nh5 13. Nf1 Nf4 14. Qd1 f5 15. Rb1 g5 16. Ng3 g4 17. Nd2 Qh4 18. Ndf1 Nxg2 19. Kxg2 f4 20. Kg1 Qh3 21. c4 f3 22. Ne3 Bh6 23. Re2 Bxe3 24. fxe3 fxe2 25. Qxe2 Rf3 26. Qg2 Raf8 27. Rb2 Kh8 28. Re2 h5 29. Bd2 h4 30. Nf5 Qxg2+ 31. Rxg2 R8xf5 0-1

[Event "Cienfuegos University"]
[Site "Cienfuegos"]
[Date "1998.??.??"]
[Round "5"]
[White "Fuentes, Luis"]
[Black "Lopez Hernandez, Carlos Manuel"]
[Result "1/2-1/2"]
[WhiteElo "2225"]
[BlackElo "2325"]
[PlyCount "111"]
[EventDate "1998.??.??"]
[EventType "tourn"]
[EventRounds "13"]
[EventCountry "CUB"]
[SourceTitle "EXT 2001"]
[Source "ChessBase"]
[SourceDate "2000.11.22"]
[SourceVersion "1"]
[SourceVersionDate "2000.11.22"]
[SourceQuality "1"]

1. d4 d5 2. Nf3 Nf6 3. Bg5 Ne4 4. Bf4 Bf5 5. e3 e6 6. Bd3 Be7 7. h3 Nd7 8. Nbd2 0-0 9. Qe2 c5 10. 0-0 Rc8 11. c3 Qb6 12. Rfb1 Bg6 13. Bxe4 dxe4 14. Ne5 Nxe5 15. Bxe5 f6 16. dxc5 Bxc5 17. Bg3 e5 18. b4 Be7 19. c4 Rfd8 20. c5 Qe6 21. Rc1 Rd3 22. Nb3 Qd5 23. Qb2 Rd8 24. Na5 Be8 25. Kh2 h6 26. Rc3 b6 27. Nb3 Ba4 28. Rac1 Bxb3 29. axb3 Rc8 30. Qa1 bxc5 31. Qxa7 Bf8 32. b5 Ra8 33. Qc7 Qd7 34. Qxd7 Rxd7 35. Rc4 Rb7 36. Rxe4 Rxb5 37. f4 exf4 38. Bxf4 Rxb3 39. h4 Rb2 40. h5 Kf7 41. Kh3 Raa2 42. Rd1 Rd2 43. Rb1 Rab2 44. Ra1 Rd7 45. Ra8 Be7 46. Kg3 Rb4 47. Kf3 Rd1 48. Rxb4 cxb4 49. Ke4 Rd2 50. Rb8 Rxg2 51. Kf5 Rd2 52. Rb7 Rd5+ 53. Ke4 Rd8 54. Kf5 Re8 55. Bd6 Kf8 56. Kg6 1/2-1/2

[Event "Cienfuegos University"]
[Site "Cienfuegos"]
[Date "1998.??.??"]
[Round "9"]
[White "Morella Cabrera, Julio Antonio"]
[Black "Fuentes, Luis"]
[Result "1-0"]
[WhiteElo "2245"]
[BlackElo "2225"]
[PlyCount "87"]
[EventDate "1998.??.??"]
[EventType "tourn"]
[EventRounds "13"]
[EventCountry "CUB"]
[SourceTitle "EXT 2001"]
[Source "ChessBase"]
[SourceDate "2000.11.22"]
[SourceVersion "1"]
[SourceVersionDate "2000.11.22"]
[SourceQuality "1"]

1. e4 e5 2. Nf3 Nc6 3. Bc4 Nf6 4. d3 Bc5 5. Bb3 d6 6. c3 Bg4 7. Nbd2 a6 8. h3 Bd7 9. Nf1 Qe7 10. Ne3 h6 11. 0-0 Ba7 12. Nd5 Nxd5 13. exd5 Nd8 14. Re1 g5 15. d4 f6 16. Qc2 Nf7 17. dxe5 fxe5 18. Nd4 0-0-0 19. Ne6 Rdg8 20. Be3 Bxe3 21. Rxe3 g4 22. hxg4 Rxg4 23. c4 Rhg8 24. g3 c5 25. Qh7 Rh8 26. Qf5 Rg5 27. Qe4 Bxe6 28. dxe6 Nd8 29. Bd1 h5 30. b4 Nxe6 31. b5 a5 32. Ra3 Qc7 33. b6 Qxb6 34. Rb1 Qc6 35. Qe3 b6 36. Rab3 h4 37. Rxb6 Qc7 38. Qe4 Kd7 39. Rb7 hxg3 40. Ba4+ Ke7 41. Rxc7+ Nxc7 42. Rb2 gxf2+ 43. Kxf2 Rh2+ 44. Kf1 1-0

[Event "CUB-ch sf"]
[Site "Villa Clara"]
[Date "1995.??.??"]
[Round "4"]
[White "Fuentes, Luis"]
[Black "Delgado Crespo, Mairelys"]
[Result "1/2-1/2"]
[WhiteElo "2295"]
[BlackElo "2135"]
[PlyCount "144"]
[EventDate "1995.??.??"]
[EventType "swiss"]
[EventRounds "9"]
[EventCountry "CUB"]
[SourceTitle "EXT 1997"]
[Source "ChessBase"]
[SourceDate "1996.11.15"]
[SourceVersion "1"]
[SourceVersionDate "1996.11.15"]
[SourceQuality "1"]

1. e4 c5 2. Nf3 e6 3. d3 d5 4. Nbd2 Nc6 5. g3 g6 6. Bg2 Bg7 7. 0-0 Nge7 8. Re1 b6 9. a3 0-0 10. Rb1 a5 11. h4 h6 12. e5 Qc7 13. Nf1 Nf5 14. Bf4 Ncd4 15. N1h2 Nxf3+ 16. Nxf3 b5 17. Qd2 Kh7 18. Nh2 Bb7 19. Ng4 Qe7 20. Qd1 Rfd8 21. Nh2 a4 22. Bh3 d4 23. Bc1 Qd7 24. Nf3 b4 25. Bg2 Qb5 26. Bd2 b3 27. cxb3 axb3 28. Rc1 Rac8 29. Qe2 Bd5 30. Nh2 Qc6 31. Be4 Kg8 32. Ng4 Qc7 33. Kh2 Qe7 34. Qf3 Rd7 35. Bxd5 Rxd5 36. Rc4 Qc7 37. Qe4 Qe7 38. Rec1 Rc7 39. Ra4 Ra7 40. Rac4 Rc7 41. Ba5 Rc6 42. Kg2 Qe8 43. Bb4 Qc8 44. a4 Qc7 45. f4 g5 46. h5 gxf4 47. gxf4 Qe7 48. Be1 f6 49. Bf2 fxe5 50. fxe5 Qg5 51. Rg1 Bxe5 52. Kf1 Bg7 53. Ne5 Ne3+ 54. Bxe3 Qxe5 55. Qxe5 Rxe5 56. Bxh6 Rf5+ 57. Ke2 Rf7 58. a5 Kh7 59. Bxg7 Rxg7 60. Rxg7+ Kxg7 61. Kf3 Kh6 62. Kg4 Kh7 63. Ra4 Ra6 64. Ra3 Kg7 65. Rxb3 Rxa5 66. Rb7+ Kg8 67. Kg5 Ra1 68. Rb5 Rd1 69. Kg6 Rg1+ 70. Kf6 Rg3 71. Rxc5 Rxd3 72. Kxe6 Rd2 1/2-1/2

[Event "CUB-ch sf"]
[Site "Villa Clara"]
[Date "1995.??.??"]
[Round "2"]
[White "Fuentes, Luis"]
[Black "Vilela de Acuna, Jose Luis"]
[Result "1/2-1/2"]
[WhiteElo "2295"]
[BlackElo "2425"]
[PlyCount "40"]
[EventDate "1995.??.??"]
[EventType "swiss"]
[EventRounds "9"]
[EventCountry "CUB"]
[SourceTitle "EXT 1997"]
[Source "ChessBase"]
[SourceDate "1996.11.15"]
[SourceVersion "1"]
[SourceVersionDate "1996.11.15"]
[SourceQuality "1"]

1. d4 d5 2. Nf3 Nf6 3. Bg5 Nbd7 4. Nbd2 c5 5. e3 Qb6 6. Rb1 Ne4 7. Bd3 Nxg5 8. Nxg5 Nf6 9. c3 g6 10. 0-0 Bg7 11. b4 cxd4 12. cxd4 0-0 13. Qb3 Bd7 14. Ngf3 Rfc8 15. a4 Rc7 16. Rfc1 Rac8 17. Rc5 Qd6 18. Ne5 b6 19. Rxc7 Rxc7 20. h3 e6 1/2-1/2

[Event "Capablanca Memorial-C"]
[Site "Matanzas"]
[Date "1994.??.??"]
[Round "12"]
[White "Alonso Garcia, Rene Marcial"]
[Black "Fuentes, Luis"]
[Result "1-0"]
[WhiteElo "2355"]
[BlackElo "2395"]
[PlyCount "63"]
[EventDate "1994.??.??"]
[EventType "tourn"]
[EventRounds "13"]
[EventCountry "CUB"]
[EventCategory "6"]
[SourceTitle "EXT 2003"]
[Source "ChessBase"]
[SourceDate "2002.11.25"]
[SourceVersion "1"]
[SourceVersionDate "2002.11.25"]
[SourceQuality "1"]

1. d4 g6 2. Nf3 Bg7 3. g3 Nf6 4. Bg2 0-0 5. c4 c5 6. 0-0 Na6 7. Nc3 d6 8. b3 Bg4 9. Bb2 Qc8 10. Qd2 Bh3 11. e4 Bxg2 12. Kxg2 cxd4 13. Nxd4 Nc5 14. f3 Qd7 15. Rad1 Rac8 16. Qe2 Nh5 17. f4 b6 18. Qf3 Qb7 19. Rfe1 a6 20. Ba1 Nf6 21. e5 dxe5 22. fxe5 Ng4 23. Qxb7 Nxb7 24. Nd5 Rc5 25. Nxe7+ Kh8 26. Ndc6 Na5 27. Rd6 Nxc6 28. Nxc6 Rc8 29. Ne7 Rb8 30. Bd4 Ra5 31. a4 Bxe5 32. Nc6 1-0

[Event "Capablanca Memorial-C"]
[Site "Matanzas"]
[Date "1994.??.??"]
[Round "7"]
[White "Charpentier Morales, William"]
[Black "Fuentes, Luis"]
[Result "0-1"]
[WhiteElo "2330"]
[BlackElo "2395"]
[PlyCount "158"]
[EventDate "1994.??.??"]
[EventType "tourn"]
[EventRounds "13"]
[EventCountry "CUB"]
[EventCategory "6"]
[SourceTitle "EXT 2003"]
[Source "ChessBase"]
[SourceDate "2002.11.25"]
[SourceVersion "1"]
[SourceVersionDate "2002.11.25"]
[SourceQuality "1"]

1. e4 g6 2. d4 Bg7 3. Nc3 c6 4. Be2 d6 5. Be3 Nf6 6. h3 b5 7. a3 Nbd7 8. g4 Bb7 9. g5 Ng8 10. f4 a5 11. Nf3 b4 12. Na4 Qc7 13. Nd2 e6 14. h4 c5 15. c3 h5 16. Bb5 Bc6 17. Bxc6 Qxc6 18. axb4 cxd4 19. cxd4 axb4 20. b3 Ne7 21. Rc1 Qb7 22. Nc4 Ra6 23. Qd3 0-0 24. 0-0 d5 25. exd5 Qxd5 26. Ne5 Nxe5 27. fxe5 Rc6 28. Rxc6 Qxc6 29. Nc5 Nf5 30. Rf4 Ra8 31. Na4 Rd8 32. Qe2 Qd5 33. Nc5 Ra8 34. Kh2 Ra1 35. Bg1 Kh7 36. Qe4 Qd8 37. Qb7 Kg8 38. Qxb4 Bf8 39. Qc3 Ra2+ 40. Rf2 Ra7 41. Rf4 Ra2+ 42. Rf2 Ra3 43. Rf4 Qd5 44. Qf3 Qxf3 45. Rxf3 Nxh4 46. Rc3 Ra2+ 47. Kh3 Nf5 48. Ne4 Ra8 49. Nf6+ Kg7 50. d5 exd5 51. Nxd5 Ra5 52. Rd3 Rb5 53. Bh2 Ba3 54. Nc7 Rb4 55. Ne8+ Kf8 56. Nf6 Rh4+ 57. Kg2 Rd4 58. Rc3 Rd2+ 59. Kh3 Rd8 60. Kg2 Ng7 61. Bg1 Ne6 62. Be3 Bb2 63. Rc6 Bxe5 64. b4 Ke7 65. Ne4 Rd5 66. Ra6 Rd3 67. Ra7+ Kf8 68. Nf6 Rxe3 69. Ra8+ Nd8 70. Rxd8+ Ke7 71. Re8+ Kd6 72. Kf2 Rb3 73. Ne4+ Kd5 74. Nd2 Rxb4 75. Re7 Rf4+ 76. Nf3 Bd6 77. Rd7 Kc6 78. Rd8 Be7 79. Rc8+ Kd7 0-1

[Event "CUB-ch"]
[Site "Matanzas"]
[Date "1994.??.??"]
[Round "8"]
[White "Fuentes, Luis"]
[Black "Barredo Duran, Luis"]
[Result "1-0"]
[WhiteElo "2395"]
[BlackElo "2315"]
[PlyCount "93"]
[EventDate "1994.??.??"]
[EventType "swiss"]
[EventRounds "13"]
[EventCountry "CUB"]
[SourceTitle "EXT 2003"]
[Source "ChessBase"]
[SourceDate "2002.11.25"]
[SourceVersion "1"]
[SourceVersionDate "2002.11.25"]
[SourceQuality "1"]

1. e4 e6 2. d3 d5 3. Nd2 c5 4. g3 Nc6 5. Bg2 g6 6. Ngf3 Bg7 7. 0-0 Nge7 8. Re1 b6 9. Rb1 Bb7 10. a3 a5 11. Qe2 a4 12. h4 h6 13. Bh3 d4 14. Bg2 Qc7 15. Nf1 e5 16. N3h2 0-0-0 17. b3 Na5 18. Bd2 Rd6 19. Rec1 Nac6 20. Bh3+ Kb8 21. bxa4 Ka7 22. Rb2 Rb8 23. Rcb1 Ba6 24. a5 b5 25. Ng4 h5 26. Ngh2 Nxa5 27. f4 Nac6 28. Nf3 Rdd8 29. Qf2 Rf8 30. c3 f6 31. cxd4 exd4 32. Rc1 Qb6 33. Be1 f5 34. N1d2 b4 35. axb4 Nxb4 36. Bf1 Qe6 37. Ng5 Qd7 38. Ra1 Nec6 39. e5 Rb6 40. Nc4 Rfb8 41. Bxb4 Nxb4 42. Nxb6 Kxb6 43. Qd2 Bf8 44. Bg2 Rc8 45. Rxb4+ cxb4 46. Qa2 Qb5 47. Qe6+ 1-0

[Event "Havana op"]
[Site "Havana"]
[Date "1994.??.??"]
[Round "8"]
[White "Fuentes, Luis"]
[Black "De la Paz Perdomo, Frank"]
[Result "0-1"]
[WhiteElo "2395"]
[BlackElo "2250"]
[PlyCount "94"]
[EventDate "1994.04.??"]
[EventType "swiss"]
[EventRounds "9"]
[EventCountry "CUB"]
[SourceTitle "EXT 1997"]
[Source "ChessBase"]
[SourceDate "1996.11.15"]
[SourceVersion "1"]
[SourceVersionDate "1996.11.15"]
[SourceQuality "1"]

1. d4 Nf6 2. Nf3 g6 3. c4 Bg7 4. Nc3 0-0 5. e4 d6 6. h3 e5 7. dxe5 dxe5 8. Qxd8 Rxd8 9. Bg5 Re8 10. 0-0-0 Na6 11. Bd3 c6 12. Be3 Nh5 13. Rhe1 Nc7 14. Bf1 Nf4 15. Rd2 Nfe6 16. g4 c5 17. Nd5 Nxd5 18. exd5 Nd4 19. Bxd4 cxd4 20. Rde2 d3 21. Rxe5 Bxe5 22. Rxe5 Bd7 23. Bxd3 Kg7 24. Kd2 Kf6 25. Rxe8 Rxe8 26. Kc3 h5 27. g5+ Ke7 28. h4 Bf5 29. Bxf5 gxf5 30. Kd4 f6 31. c5 fxg5 32. Nxg5 Kd7 33. b4 Re2 34. b5 Rxa2 35. Nf7 Rxf2 36. Ne5+ Kc8 37. d6 Rd2+ 38. Kc4 f4 39. Nf3 Rd1 40. Kc3 Rd5 41. Kc4 Rd1 42. Ne5 b6 43. Nf3 bxc5 44. Kxc5 Kd7 45. Ne5+ Ke6 46. Ng6 f3 47. Nf4+ Kd7 0-1

[Event "Capablanca Memorial-C"]
[Site "Matanzas"]
[Date "1994.??.??"]
[Round "9"]
[White "Galego, Luis"]
[Black "Fuentes, Luis"]
[Result "1-0"]
[WhiteElo "2400"]
[BlackElo "2395"]
[PlyCount "47"]
[EventDate "1994.??.??"]
[EventType "tourn"]
[EventRounds "13"]
[EventCountry "CUB"]
[EventCategory "6"]
[SourceTitle "EXT 2003"]
[Source "ChessBase"]
[SourceDate "2002.11.25"]
[SourceVersion "1"]
[SourceVersionDate "2002.11.25"]
[SourceQuality "1"]

1. e4 e5 2. Nf3 Nc6 3. Bb5 Nf6 4. 0-0 a6 5. Bxc6 dxc6 6. Nxe5 Bc5 7. d3 Qe7 8. Nf3 Bg4 9. Be3 0-0-0 10. Nbd2 Bd6 11. Qe1 Rhe8 12. h3 Bh5 13. Nd4 Be5 14. Nf5 Qd7 15. Nc4 Kb8 16. Qa5 Nd5 17. Nxe5 Rxe5 18. Ng3 b6 19. Qd2 Nxe3 20. Qxe3 g6 21. f4 Rb5 22. b3 Rc5 23. Rf2 a5 24. e5 1-0

[Event "Capablanca Memorial-C"]
[Site "Matanzas"]
[Date "1994.??.??"]
[Round "10"]
[White "Oblitas Guerrero, Carlomagno"]
[Black "Fuentes, Luis"]
[Result "1-0"]
[WhiteElo "2415"]
[BlackElo "2395"]
[PlyCount "97"]
[EventDate "1994.??.??"]
[EventType "tourn"]
[EventRounds "13"]
[EventCountry "CUB"]
[EventCategory "6"]
[SourceTitle "EXT 2003"]
[Source "ChessBase"]
[SourceDate "2002.11.25"]
[SourceVersion "1"]
[SourceVersionDate "2002.11.25"]
[SourceQuality "1"]

1. e4 e6 2. d4 d5 3. e5 c5 4. c3 Nc6 5. Nf3 Qb6 6. Bd3 Bd7 7. 0-0 cxd4 8. cxd4 Nb4 9. Be2 Bb5 10. Bxb5+ Qxb5 11. Nc3 Qa6 12. a3 Rc8 13. Be3 Nc6 14. b4 Qb6 15. Rc1 a6 16. Na4 Qa7 17. Qd3 b5 18. Nc5 Bxc5 19. Rxc5 Qb7 20. Rfc1 h6 21. R1c3 Nge7 22. Qc2 0-0 23. Qc1 Kh7 24. Kh1 Qd7 25. Ne1 Nb8 26. Rc7 Rxc7 27. Rxc7 Qd8 28. Qc5 Nf5 29. Nf3 Kg8 30. Qa7 Re8 31. Rxf7 Re7 32. Rxe7 Nxe7 33. h3 Nec6 34. Qc5 Qe7 35. Qc3 Qa7 36. Ne1 Kf7 37. Nd3 a5 38. Nf4 axb4 39. axb4 Qa4 40. Qd3 Ne7 41. Qe2 g6 42. Qf3 Nf5 43. Qg4 g5 44. Nxd5 Qb3 45. Qh5+ Kf8 46. Nf6 Ng7 47. Qxh6 Nc6 48. Qh8+ Kf7 49. Qg8+ 1-0

[Event "Havana op"]
[Site "Havana"]
[Date "1994.??.??"]
[Round "7"]
[White "Sequera Paolini, Jose Rafael"]
[Black "Fuentes, Luis"]
[Result "0-1"]
[WhiteElo "2330"]
[BlackElo "2395"]
[PlyCount "142"]
[EventDate "1994.04.??"]
[EventType "swiss"]
[EventRounds "9"]
[EventCountry "CUB"]
[SourceTitle "EXT 1997"]
[Source "ChessBase"]
[SourceDate "1996.11.15"]
[SourceVersion "1"]
[SourceVersionDate "1996.11.15"]
[SourceQuality "1"]

1. e4 Nf6 2. e5 Nd5 3. Nc3 Nxc3 4. dxc3 Nc6 5. Nf3 d5 6. Bd3 Bg4 7. Bf4 e6 8. Qe2 a6 9. Qe3 Qe7 10. 0-0 Bxf3 11. Qxf3 g5 12. Bg3 h5 13. h3 0-0-0 14. b4 g4 15. hxg4 hxg4 16. Qxg4 Qd7 17. b5 axb5 18. Bxb5 f5 19. exf6 Bc5 20. Qg7 Rdg8 21. Qxd7+ Kxd7 22. Be5 Rh5 23. Bd4 Bd6 24. f4 Rf5 25. Rf3 e5 26. fxe5 Rxf3 27. exd6 Kxd6 28. Bxc6 bxc6 29. Re1 Rf5 30. Re2 c5 31. Rf2 Rxf2 32. Bxf2 Rg6 33. Bh4 Ke6 34. c4 dxc4 35. Kf2 Rg4 36. g3 c3 37. Ke3 Rd4 38. g4 Rxg4 39. Be1 Kxf6 40. Bxc3+ Ke6 41. Bb2 Kd5 42. Kd2 Kc4 43. Be5 c6 44. Kc1 Kb4 45. Kb2 Ka4 46. Bc3 Rg8 47. Be5 Re8 48. Bd6 Kb4 49. Bf4 Re2 50. Bd6 Kc4 51. Bf8 Rf2 52. Bg7 Rf7 53. Be5 Rb7+ 54. Kc1 Kd5 55. Bf6 Ke4 56. Bg5 c4 57. Bf6 Ke3 58. Bc3 Ke2 59. Bd4 Rd7 60. Be5 Ra7 61. Kb2 Kd1 62. Bd4 Ra6 63. a3 Ra5 64. Bg7 Rg5 65. Bf6 Rg2 66. Kc3 Rxc2+ 67. Kb4 Ke2 68. a4 Kd3 69. a5 Ra2 70. Be5 c5+ 71. Kb5 c3 0-1

[Event "CUB-ch"]
[Site "Colon"]
[Date "1993.??.??"]
[Round "7"]
[White "Diaz Diaz, Joaquin Carlos"]
[Black "Fuentes, Luis"]
[Result "1-0"]
[WhiteElo "2440"]
[BlackElo "2280"]
[PlyCount "63"]
[EventDate "1993.10.??"]
[EventType "swiss"]
[EventRounds "11"]
[EventCountry "CUB"]
[SourceTitle "TD"]
[Source "ChessBase"]
[SourceDate "1994.03.01"]
[SourceVersion "1"]
[SourceVersionDate "1994.03.01"]
[SourceQuality "1"]

1. e4 g6 2. d4 Bg7 3. Nc3 c6 4. Nf3 d5 5. h3 dxe4 6. Nxe4 Nd7 7. Bd3 Ngf6 8. Nxf6+ Nxf6 9. 0-0 0-0 10. Re1 Qc7 11. Qe2 Re8 12. Ne5 Be6 13. Bf4 Nd5 14. Bg3 Qc8 15. c3 Nf6 16. Bc4 Bxc4 17. Qxc4 Nd5 18. Re2 Qf5 19. Rae1 Rad8 20. Qb3 Qc8 21. Nd3 Bf8 22. Bh4 b6 23. Re4 Nf6 24. Ne5 Nxe4 25. Qxf7+ Kh8 26. Rxe4 Qf5 27. Rf4 Qb1+ 28. Kh2 Bh6 29. Rf3 Bg7 30. Bxe7 Rc8 31. Bf6 Rg8 32. Qe6 1-0